Most Streamed Tyler, The Creator Songs - Statistics

General Stats
  • This quiz has been taken 282 times
    39 since last reset
  • The average score is 11 of 20
Answer Stats
# Streams Answer % Correct
1 2,898,248,103 See You Again
100%
2 1,321,641,258 EARFQUAKE
92%
8 750,238,504 Like Him
92%
7 774,591,639 She
79%
10 511,020,540 Sticky
75%
5 882,286,562 ARE WE STILL FRIENDS?
71%
4 889,603,237 NEW MAGIC WAND
67%
9 569,579,429 GONE, GONE / THANK YOU
63%
11 457,978,887 911 / Mr. Lonely
58%
13 413,914,690 SWEET / I THOUGHT YOU WANTED TO DANCE
58%
19 346,274,230 IFHY
54%
14 412,182,614 I THINK
54%
12 456,889,046 WUSYANAME
46%
3 949,565,780 After The Storm
38%
15 379,975,177 RUNNING OUT OF TIME
38%
17 362,364,054 Sugar On My Tongue
38%
6 809,044,841 BEST INTEREST
29%
18 361,958,140 Boredom
21%
16 363,440,191 GRAVITY
17%
20 329,031,954 Potato Salad
13%
No matching quizzes found
Score Distribution
Percent of People with Each Score
Percentile by Number Answered
Your Score History
You have not taken this quiz since the last reset